The man who discovered quality : how W. Edwards Deming brought the quality revolution to America : the stories of Ford, Xerox, and GM (Record no. 35973)

MARC details
000 -LEADER
fixed length control field 00491nam a2200169Ia 4500
020 ## - INTERNATIONAL STANDARD BOOK NUMBER
ISBN 0-812-91774-X
050 ## - CALL MARK
Classification number TS 156 .G35/
100 ## - STATEMENT OF RESPONSIBILITY--MAIN AUTHOR NAME
Personal name Gabor, Andrea
245 #4 - TITLE STATEMENT
Title The man who discovered quality : how W. Edwards Deming brought the quality revolution to America : the stories of Ford, Xerox, and GM
260 ## - PUBLICATION, DISTRIBUTION, ETC. (IMPRINT)
Place of publication New York
260 ## - PUBLICATION, DISTRIBUTION, ETC. (IMPRINT)
Name of publisher Times Books
260 ## - PUBLICATION, DISTRIBUTION, ETC. (IMPRINT)
Year of publication 1990
300 ## - PHYSICAL DESCRIPTION
Number of Pages 326 p
942 ## - ADDED ENTRY ELEMENTS (KOHA)
Koha item type Books
Holdings
Withdrawn status Lost status Source of classification or shelving scheme Damaged status Not for loan Permanent Location Current Location Date acquired Accession Number Price effective from Koha item type
    Library of Congress Classification     NILE UNIVERSITY OF NIGERIA - MAIN LIBRARY NILE UNIVERSITY OF NIGERIA - MAIN LIBRARY 04/23/2025 0010599 04/23/2025 Books